000
00342nam a2200133Ia 4500
003
GCL
008
140319s9999 xx 000 0 ara d
040
_a
GCL /
_c
GCL
082
0
4
_a
ط
_b
813.088
_b
ا ق
245
1
0
_a
اصحاب السبت
260
_a
[S.N] :
_b
دار الشروق ،
_c
1993
300
_a
16 ص
490
_a
قصص القران
_v
0
999
_c
58063
_d
58063